000 00365 a2200157 4500
001 59821
020 _a9783785542323
040 _cAnchieta - Pituba
100 _aLenk, Fabian
240 1 0 _aFalsches spiel in der arena
_lpor
245 1 0 _aFalsches spiel in der arena
300 _a122
362 0 _a2002
650 4 _aLiteratura juvenil em alemão
942 _cBK
999 _c59821
_d59821